|
|
|
|
| LEADER |
00000naa0a2200000 4500 |
| 001 |
594009 |
| 005 |
20241212105021.0 |
| 035 |
|
|
|a (RuTPU)RU\TPU\tpu\8060
|
| 090 |
|
|
|a 594009
|
| 100 |
|
|
|a 20020118d1970 k||y0rusy50 ca
|
| 101 |
|
|
|a rus
|
| 102 |
|
|
|a RU
|
| 200 |
1 |
|
|a Твёрдосплавные свёрла с ассиметричной заточкой
|f А. А. Виноградов, Ю. А. Аносов
|
| 461 |
|
|
|t Синтетические алмазы
|o научно-производственный сборник
|
| 463 |
|
|
|t Вып. 1 (7)
|v С. 24-27
|d 1970
|
| 610 |
1 |
|
|a режущий инструмент
|
| 610 |
1 |
|
|a сверла
|
| 610 |
1 |
|
|a труды учёных ТПУ
|
| 700 |
|
1 |
|a Виноградов
|b А. А.
|
| 701 |
|
1 |
|a Аносов
|b Ю. А.
|
| 801 |
|
0 |
|a RU
|b 63413507
|c 20020118
|g PSBO
|
| 801 |
|
2 |
|a RU
|b 63413507
|c 20090924
|g RCR
|
| 942 |
|
|
|c CR
|